Pelota del Mundial de Fútbol - Estadísticas

Estadísticas generales
  • Esta prueba ha sido intentada 37 veces
  • La puntuación promedio es 5 de 23
Estadísticas de respuestas
Imagen Hint Respuesta % Correcto
Sudáfrica 2010 Jabulani
84%
Brasil 2014 Brazuca
60%
Argentina 1978 Tango Durlast
56%
España 1982 Tango España
56%
Rusia 2018 Telstar 18
36%
México 1970 Telstar Durlast
36%
Alemania 1974 Telstar Durlast
36%
Canadá, Estados Unidos y México 2026 Trionda
28%
México 1986 Azteca
24%
Catar 2022 Al Rihla
16%
Corea-Japón 2002 Fevernova
16%
Francia 1998 Tricolore
8%
Inglaterra 1966 Challenge 4-Star
4%
Francia 1938 Coupe du Monde
4%
Chile 1962 Crack
4%
Italia 1990 Etrusco Unico
4%
Uruguay 1930 Modelo T / Tiento
4%
Suiza 1954 Swiss World Champion
4%
Alemania 2006 +Teamgeist
4%
Suecia 1958 Top Star
4%
Brasil 1950 Duplo T
0%
Italia 1934 Federale 102
0%
Estados Unidos 1994 Questra
0%
No se encontraron pruebas coincidentes
Distribución de puntuación
Porcentaje de gente con cada puntuación
Porcentaje por número respondido
Historial de tus puntuaciones
No has intentado esta prueba.